[Event "North American-ch U10 Girls"]
[Site "Montreal"]
[Date "2010.08.18"]
[Round "5"]
[White "Lu, Daisy"]
[Black "Liu, Jennifer"]
[Result "0-1"]
[WhiteElo "652"]
[BlackElo "549"]
[PlyCount "74"]
[EventDate "2010.08.16"]
[EventType "swiss"]
[EventRounds "7"]
[EventCountry "CAN"]
[SourceTitle "EXT 2013"]
[Source "ChessBase"]
[SourceDate "2012.11.22"]
[SourceVersion "1"]
[SourceVersionDate "2012.11.22"]
[SourceQuality "1"]

1. e4 e5 2. Nf3 Nc6 3. Bc4 Nf6 4. Nc3 Bc5 5. d3 Ng4 6. 0-0 d6 7. h3 Nf6 8. Be3 h6 9. Qd2 Nd4 10. Nxd4 exd4 11. Nd5 Nxd5 12. exd5 dxe3 13. fxe3 Qe7 14. d4 Bb6 15. e4 Qd7 16. Qe2 Bxd4+ 17. Kh1 0-0 18. c3 Be5 19. Bb5 Qe7 20. Rf3 Qh4 21. Raf1 Bg4 22. Qf2 Qh5 23. Re3 a6 24. Be2 Bxe2 25. Rxe2 Rae8 26. Kg1 Re7 27. Qf5 Qh4 28. Ref2 b6 29. Qg4 Qg3 30. Rf3 Qxg4 31. hxg4 Kh8 32. g5 Kg8 33. gxh6 gxh6 34. Rf5 Kh7 35. R1f3 f6 36. Rh5 Kg6 37. Rhh3 Rh7 0-1

[Event "North American-ch U10 Girls"]
[Site "Montreal"]
[Date "2010.08.16"]
[Round "1"]
[White "Provine, Shayna"]
[Black "Lu, Daisy"]
[Result "1-0"]
[WhiteElo "1449"]
[BlackElo "652"]
[PlyCount "47"]
[EventDate "2010.08.16"]
[EventType "swiss"]
[EventRounds "7"]
[EventCountry "CAN"]
[SourceTitle "EXT 2013"]
[Source "ChessBase"]
[SourceDate "2012.11.22"]
[SourceVersion "1"]
[SourceVersionDate "2012.11.22"]
[SourceQuality "1"]

1. e4 e5 2. Nf3 Nc6 3. Bb5 Nf6 4. 0-0 Bc5 5. c3 a6 6. Ba4 b5 7. Bb3 d6 8. d4 exd4 9. cxd4 Nxe4 10. Re1 Qe7 11. dxc5 Bg4 12. Bd5 0-0 13. Bxc6 Rac8 14. Rxe4 Qf6 15. Rxg4 Qf5 16. Qd4 g6 17. Bh6 f6 18. Rg5 Qc2 19. Bd5+ Kh8 20. Nbd2 dxc5 21. Qf4 Qxb2 22. Re1 Rfe8 23. Rge5 Rxe5 24. Qxf6# 1-0